000 00544nam a2200193 i 4500
001 bg
100 1 _aGRABOWSKI, Zbigniew
245 0 _aOświetlenie elektryczne /
_cZbigniew Grabowski, Henryk Szypowski.
250 _aWyd. 3 popr.
260 _aWarszawa :
_bPaństw. Wydawn. Nauk.,
_c[1972].
300 _as. 396 :
_bilustr., tab., wykr.
504 _a[Zawiera bibliogr. s. 370-396].
700 1 _aSZYPOWSKI, Henryk
040 _cBPK
041 _apol
080 _a621.32:537
942 _cKS
008 s pl f |000 0 pol
999 _c7462
_d7462
856 _uhttp://koha.tu.koszalin.pl/cgi-bin/koha/opac-detail.pl?biblionumber=7462
_yKatalog online BPK